Social Theory (Record no. 593384)

MARC details
000 -LEADER
fixed length control field 00373nam a2200157Ia 4500
008 - FIXED-LENGTH DATA ELEMENTS--GENERAL INFORMATION
fixed length control field 251024s9999 xx 000 0 und d
020 ## - INTERNATIONAL STANDARD BOOK NUMBER
ISBN 9780761970880
082 ## - DEWEY DECIMAL CLASSIFICATION NUMBER
Classification number 300.1
Item number SCO
100 ## - MAIN ENTRY--AUTHOR NAME
Personal name Scott, John
245 #0 - TITLE STATEMENT
Title Social Theory
Statement of responsibility, etc Scott, John
260 ## - PUBLICATION, DISTRIBUTION, ETC. (IMPRINT)
Name of publisher SAGE
Year of publication 2006
300 ## - PHYSICAL DESCRIPTION
Number of Pages 322 pages
650 ## - SUBJECT ADDED ENTRY--TOPICAL TERM
Topical Term Social Science
942 ## - ADDED ENTRY ELEMENTS (KOHA)
Koha item type English Books
Holdings
Withdrawn status Lost status Damaged status Not for loan Home library Current library Shelving location Date acquired Full call number Accession Number Price effective from Koha item type
        Anna Centenary Library Anna Centenary Library COMPETITIVE SECTION - SEVENTH FLOOR 24.10.2025 300.1 SCO 161550 24.10.2025 English Books

Find us on the map